Gandhi : the young protester who founded a nation

Bibliographic Details
Main Author: Wilkinson, Philip
Format: Book
Published: Washington : The National Geographic Society , 2005
Series:National Geographic World history biographies
Subjects:

MARC

LEADER 00000cam a2200000 7i4500
001 0000107431
005 20081124.0
020 |a 0792236475 
090 0 0 |a 920   |b WIL 
100 1 |a Wilkinson, Philip 
245 1 0 |a Gandhi :   |b the young protester who founded a nation   |c Philip Wilkinson 
260 |a Washington :   |b The National Geographic Society ,   |c 2005 
300 |a 64p. ;   |c 25cm. 
490 0 |a National Geographic World history biographies 
600 0 0 |a Gandhi, Mahatma ,   |d 1869-1948 
600 0 0 |a Gandhi, Mahatma ,   |d 1869-1948   |x Biography 
650 0 0 |a Nationalist   |z India   |x Biography 
999 |a 00202541   |b BUKU   |c JUNIOR REFERENCE   |e PERPUSTAKAAN KOMUNITI PETALING JAYA